00638nam a2200193 a 450000100100000000500170001000800410002702000150006804000250008308200130010810000330012124500470015426000340020130000340023549000190026983000280028895201110031699900170042700004317820201002040710.0140221s1993 sp ac 000 0 spa d a8488370059 aDO-SdBNPbspacBNPHU axxxbxxx1 aTébar, Juan,d1941-97076614aLas cosas que hemos visto /cJuan Tébar. aMadrid :bNikel Odeon,c1993. aXXII, 113 p. :bil. ;c22 cm.1 aNikel Odeonv5 0aNikel Odeon ;n5970767 001050718MOaGRbGRcCTd2014-02-21iLF1l0oxxx xxxp43178-10r2020-06-25w2020-06-25y1ZNo se presta c42667d42667